Дело об отсылке в цензуру немецких пьес

Доступно только в Электронных читальных залах Найти на картеНа карте
RUSMARC
00004076nmc2a22000003x 450
0013a70545c-172f-450b-b992-f1fc6560cd73
00520190109204934.0
100##$a20170705l18491849k l0rusy0189 ca
1010#$arus
102##$aRU
2001#$aДело об отсылке в цензуру немецких пьес
$j8 марта - 10 декабря 1849 г.
251##$cДело
300##$aПо Санкт-Петербургской дирекции за 1849 год
300##$aОриг. заголовок дела: Дело о препровождении немецких пьес для рассмотрения в третье отделение Собственной его величества канцелярии. 8 марта 1849 г. - 10 декабря 1849 г
801#0$aRU
$bРГИА
$c20170705
$gRCR
801#1$aRU
$bГлавНИВЦ
$c20170705
$2rusmarc
801#2$aRU
$bПБ им. Б.Н. Ельцина
$c20190109
$gRCR
$2rusmarc
850##$aРГИА
852##$aРГИА
$eФедеральное казенное учреждение "Российский государственный исторический архив" (РГИА)
$j12444
937##$hРГИА
$d12247318
$aASBIBLIO_SCAN
462#0$1001dd3991dc-24e1-42ec-8838-ca4255420416
$12001
$a1746-1850 гг.
$1251
$cОпись
$1852
$j1
461#0$10019264ebf8-de62-4f1a-9eb4-9f22098dbbd5
$12001
$aДирекция императорских театров МИДв
$1251
$cФонд
$1852
$j497
215##$a55 л.
$d36,5х26 см
371##$aДокумент не является опубликованным и широко распространяемым
105##$ay###
1222#$ad
5171#$aДело о препровождении немецких пьес для рассмотрения в третье отделение Собственной его величества канцелярии. 8 марта 1849 г. - 10 декабря 1849 г
035##$a3a70545c-172f-450b-b992-f1fc6560cd73
856##$uhttp://readingroom.main.prlib.ru/item.aspx?id_node=n122799298&mode=full
Формат отображения